Signals and Systems/ (Record no. 186251)

MARC details
000 -LEADER
fixed length control field 00599nam a22001937a 4500
005 - DATE AND TIME OF LATEST TRANSACTION
control field 20220218154236.0
010 ## - LCCN (DPL NO)
LC control number ENG-131684
020 ## - INTERNATIONAL STANDARD BOOK NUMBER
International Standard Book Number 9789380831503
Terms of availability 820.00
035 ## - SYSTEM CONTROL NUMBER
System control number EN-115216
037 ## - SOURCE OF ACQUISITION
Source of stock number/acquisition DBAD
082 ## - DEWEY DECIMAL CLASSIFICATION NUMBER
Classification number 621.3822
100 ## - MAIN ENTRY--PERSONAL NAME
Personal name Srinivas, N.
245 ## - TITLE STATEMENT
Title Signals and Systems/
Statement of responsibility, etc N. Srinivas, B. Srinivas
260 ## - PUBLICATION, DISTRIBUTION, ETC. (IMPRINT)
Place of publication, distribution, etc Hyderabad
Name of publisher, distributor, etc Amaravati Publications
Date of publication, distribution, etc 2021
270 ## - ADDRESS
Address # 326/C, III Floor, Surneni Nilayam Near B K Guda Park, S R Nagar
City Hyderabad
Postal code 500038
300 ## - PHYSICAL DESCRIPTION
Extent xvi, 480p.
Dimensions 24cm(pbk)
700 ## - ADDED ENTRY--PERSONAL NAME
Personal name Srinivas, B.
942 ## - ADDED ENTRY ELEMENTS (KOHA)
Source of classification or shelving scheme Dewey Decimal Classification
Item type English Books
Classification part 621.3822
Call number suffix SRI
Holdings
Withdrawn status Lost status Not for loan Collection code Home library Current library Date acquired Source of acquisition Cost, normal purchase price Full call number Barcode Copy number Cost, replacement price Koha item type
      Non-fiction Central Library Central Library 18/02/2022 DBAD/PUB 820.00 621.3822 SRI EN-115216 1 820.00 English Books

© Delhi Public Library
Hit Counter
free hit counter